000 01523nam a22003617i 4500
001 B-12620
003 CO-BoFNCP
007 t||
008 091001s2008 my a f z eng d
040 _aCO-BoFNCP
_bspa
_cCO-BoFNCP
_erda
041 _aeng
043 _amy
084 _aA-
100 1 _aDuckett, J.E
_941397,
_eautor.
_4aut
245 1 4 _aThe expansion of range and population of the barn owl (Tyto alba javanica) in Peninsular Malaysia and in Sumatra and adjacent Islands :
_bA review and update on the current situation.
264 4 _c©2008
300 _apáginas 799-807 :
_bTablas.
336 _atexto
_btxt
_2rdacontent
337 _asin mediación
_bn
_2rdamedia
338 _avolumen
_bnc
_2rdacarrier
504 _aIncluye referencias bibliográficas.
520 _aExpansion in numbers and habitats of barn owl (Tyto alba javanica) has occurred in Peninsular Malaysia and in Sumatra and adjacent islands as a natural feature as a consequence of expansion of oil palm (Elaeis guineensis) plantations with year round fruiting and build up of large populations of rats. The barn owl found itsel filling an ecological niche as a predator of the rats.
650 0 _aDepredación.
_98073
650 0 _aLechuza.
_914455
650 0 _aMalaysia
_933575.
650 0 _aPalma de aceite
_937678.
651 0 _925763
_aSumatra.
651 0 _aMalaysia
_933575.
773 0 _aThe Planter (Malasia)
_gv. 84, no. 993 (2008), p.799-807
_wA-
_x0126-575x
942 _2z
_c1
999 _c26592
_d26592
999 _z1